000
00304nam a22001217a 4500
040
_c
338
082
_a
338 MAR 1992 C087
100
_a
MARK PLOTKIN
245
_a
Sustainable harvest and marketing of rain forest product
260
_a
Phnom Penh
_b
MAR
_c
1992
300
_a
325p.
_b
ill.
_c
29cm.
942
_c
EK
999
_c
11092
_d
11092